Najlepsze teksty polskiej piłki nożnej - Statystyki

Ogólne statystyki
  • Ten quiz został rozwiązany 445 razy
  • Średni wynik to 12 z 33
Statystyki odpowiedzi
Cytat Osoba % Poprawnych
"Aj będzie bramka! Jezus Maria jaki błąd Boruca! Dariusz Szpakowski
80%
"Rasiak, Smolarek... Smolarek! Nie ma spalonego! Dwa! Dwa! Dwa! Dwa zerooooo!" Dariusz Szpakowski
80%
"Dla mnie on jest typowym Jugolem" Tomasz Hajto
73%
"Reinke, Kadlec, H. Koch (31. Hristov), Kuka, Marschall, Ratinho (75. Reich), Roos, Schjönberg, Schäfer, Sforza, M. Wagner" Tomasz Hajto
73%
"Każdy z was ma samochód, no ku*wa, nie odpalaj samochodu przez 1,5 roku. No nie odpalaj. Idź w sobotę go odpal i jedź. Jupp Haykenes mi kiedyś powiedział. Człowieku jak nie robisz czegoś w poniedziałek, wtorek, środę, czwartek, piątek i sobotę, to w niedzielę ci tego nie zrobisz tego. To są mądre słowa. To nie jest... To jest facet, który wygrał Ligę Mistrzów" Tomasz Hajto
73%
"Truskawka na torcie" Tomasz Hajto
73%
"Będzie się działo!" Sławomir Peszko
61%
"Fatalny to ty jesteś, następne pytanie proszę" Michał Kucharczyk
56%
"Trener to musi być kawał skurw*syna. Z sercem na dłoni, ale i z tęgim batem w ręku" Franciszek Smuda
44%
"Tak, no zobaczymy, jak to będzie funkcjonowało w meczach z Włochami czy nie wiem ze Związkiem Radzieckim. Z kim będziemy grali" Franciszek Smuda
44%
"Arek to zawodnik, który nie kalkuluje. Gdyby ktoś rzucił mu cegłę czy kamień, to on zagłówkuje. Czerwoną kartkę mu wybaczam. To profesjonalista ze skóry i kości" Franciszek Smuda
44%
"Zmienić to ja mogę spodnie" Franciszek Smuda
44%
"Nie wiem czy to jest szwagier pana czy co? Ciągle Małecki, Małecki, Małecki. No zobaczymy. Decyzje podejmiemy przed meczem" Franciszek Smuda
44%
"A co to jest brzydki stadion?" Franciszek Smudda
44%
"Pie*dolne whisky bo co mi zostało?" Michał Probierz
42%
"Nam się wydaje, że my jesteśmy pepkiem świata, że my możemy wszystkich zatrzymywać, że my jesteśmy potentatem finansowym jeżeli chodzi o polską ligę. Polska liga jest śmieszna i trzeba to powiedzieć wprost" Michał Probierz
42%
"Proszę Państwa, siadamy głęboko w fotelach, zapinamy pasy i startujemy" Andrzej Twarowski
37%
"Rooney! O Matko Boska! Przecież to jest niepojęte!" Andrzej Twarowski
37%
"Naprawdę musimy się ogarnąć, a nie mówić, że chcemy w jakis sposób odpocząć, przygotować się do Ligii Mistrzów. Nam liga ucieka. Przegraliśmy puchar. Wcześniej superpuchar. Ku*wa przepraszam za wyrażenie, ale obudźmy się wkońcu bo nam wszystko ucieknie" Arkadiusz Malarz
36%
"Gość pie*dolniety" Zbigniew Boniek
36%
"Będę go zjadł" Prejuce Nakoulma
33%
"Jesteś tak dobry jak twój ostatni mecz" Jakub Błaszczykowski
19%
"Kupiłem bułki, ogórki i klub. Ale masła nie kupiłem" Jakub Błaszczykowski
19%
"Ja się nie poddam. Ja będę walczył dalej. Będę walczył dalej. Ja się nigdy nie poddam" Piotr Rutkowski
15%
"Zgadza się. No jesteśmy dziadami, niech pan zapyta bramkarza, niech pan zapyta Poszmańczyka, niech pan zapyta tych innych ku*wa chłopaków, co ku*wa zrobili, co ku*wa jedziemy, żeby podać. Grzegorz Skwara
8%
"Kibice są wku*wieni, sami jesteśmy wku*wieni, trener jest wku*wionyi co jeszcze mam powiedzieć, no ogólnie jedno wielkie wku*wienie no. Ja jestem poprostu tak wku*wiony, że nie wiem, że mógłbym zagrać jeszcze raz zaraz, żeby to naprawić" Radosław Janukiewicz
7%
"Może ktoś powinien kopa w dupe dostać, albo w ryja za przeproszeniem, to wtedy może się obudzimy i zdobędziemy jakieś punkty, które dadzą nam utrzymanie" Radosław Kałużny
5%
"Tutaj przyjeżdzamy, znowu gwiżdżą przeciwko nam. No już któryś raz z rzędu, to nie jest pierwszy raz. Pracujemy na boisku, jeździmy te kilometry, żeby wygrywać mecze, ku*wa, a oni są cały czas osrani ku*wa w tym, na tym boisku ci sędziowie. Nie może tak być" Sebastian Madera
4%
"Panie Turek! Niech pan tu kończy to spotkanie! Turku! Kończ ten mecz" Tomasz Zimoh
4%
"My wiemy, że musimy wygrać, ale myślę, że to nie jest rzecz, co nam źle pomaga. Wiemy w głowie, żę musimy wygrać, że musimy z pierwszej minuty no przepraszam napie*dalać" Eugen Polanski
3%
"Ale Mertens na mojej pozycji gra" Marcin Rybus
2%
"Użył słów powszechnie uważanych za obraźliwe Ty sku*wysynu je*any" Marcin Szulc
2%
"A to my mamy reprezentację?" Orest Lenczyk
2%
Nie znaleziono quizów pasujących do podanych kryteriów
Rozkład punktacji
Procent ludzi z każdym wynikiem
Percentyl według liczby udzielonych odpowiedzi
Twoja historia wyników
Nie rozwiązałeś tego quizu